000 01155nas a2200361 4500
001 BR2011001009
003 BR-BrBNA
005 20231205114441.0
007 ta
008 230509b bl.|||p| |||| 00| 00por d
040 _aBR-BrBNA
_bpor
_cBiblioteca Nacional de Agricultura
041 _a(Pt)
072 _aF30; H10
100 1 _aCarpentieri-Pípolo, V.
100 1 _aMeagher, M.G.
100 1 _aDickson, D.W.
100 1 _aGorbet, D.W.
100 1 _aMendes, M. de L.
100 1 _aSouza, S.G.H. de
245 1 _aComparação entre métodos de marcação da sonda de RFLP R2430E utilizada na seleção de cultivares de amendoim resistente à Meloidogyne arenaria
650 _aAMENDOIM
650 _aMARCADOR MOLECULAR
650 _aMARCAÇÃO
650 _aANÁLISE COMPARATIVA
650 _aSELEÇÃO GENÉTICA
650 _aVARIEDADE RESISTENTE
650 _aMELOIDOGYNE ARENARIA
650 _aNEMATOIDE
650 _aHIBRIDAÇÃO
773 0 _tSemina. Ciências Agrárias (Brazil)
_xISSN 1676-546X
_g(Oct-Dec 2008), v. 29(4) p. 783-788
_wBR2011001009
909 _a202311
_bLúcia
_c55
_dLúcia Elande
942 _2AGRIS
_n0
_cANA
999 _c208824
_d208824